00346 a2200109 4500001001000000005001700010008004100027245008600068100002300154773004200177999001700219ART_5485520260410161634.0260409a 10aUna visión crítica sobre el tratamiento contable de los intrumentos derivados1 aMarchesano, Marisa0 tEnfoquesg- N°11 (nov. 2021)wREV416 c12704d12704